000 00501nam a2200217Ia 4500
001 12946
003 GE_BSU
008 181216s||||||||xx |||||||||||||| ||und||
020 _a139780007221127
040 _cGE_BSU
080 _a821.111-32
100 _aJosephine,Cox.
245 4 _aThe Loner.
245 4 _bThe New Bestseller.
260 _aLondon.
260 _bHarper Collins Publishers.
260 _c2007
300 _a357p;24cm.
653 _aThe Loner.The New Bestseller.
942 _cBK
999 _c46115
_d46115